000
00388nam a22001577a 4500
003
MPLRDC
005
20220104124327.0
008
210129b ||||| |||| 00| 0 eng d
082
_a
868.71 XMHW v.6
100
_a
孟毅编选
245
_a
新马华文文学大系. 第六集: 诗歌
_c
260
_a
_b
教育出版社
_c
300
_b
精
650
_a
942
_c
BK
_o
868.71 XMHW v.6
999
_c
18452
_d
18442